00970cam a2200217 i 450000500170000000800410001702000280005804000290008604100080011504300120012308200200013510000170015524502340017226000460040630000500045250400530050265000420055565000390059765000510063665000650068720160206122837.0970327s1997 dcua b 001 0 eng  a1559635460 (alk. paper) aDLCcDLCdDLCdCO-BoIAVH0 aeng an-us---04a333.70973bD74f1 aDower, Roger10aFrontiers of sustainability :benvironmentally sound agriculture, forestry, transportation, and power production /cRoger Dower y (otros cinco autores) ; introduction by Walter V. Reid and Roger Dower ; foreword by Jonathan Lash. aWashington, D.C. :bIsland Press,cc1997. axiv, 367 páginas :bilustraciones ;c23 cm. aIncluye referencias bibliográficas e índice.14aDesarrollo sosteniblezEstados Unidos24aRecusros naturaleszEstados Unidos24aProteción del emdio ambientezEstados Unidos24aDesarrollo económicoxAspectos ambientaleszEstados Unidos